Sport, ethics and leadership /

"Everybody involved in sport, from the bleachers to the boardroom, should develop an understanding of ethics. Sport ethics prompt discussion of the central principles and ideals by which we all live our lives, and effective leadership in sport is invariably ethical leadership. This fascinating...

全面介绍

Saved in:
书目详细资料
Main Authors: Bowen, Jack, (Author), Katz, Ronald S., 1946- (Author), Mitchell, Jeffrey R., (Author), Polden, Donald J., (Author), Walden, Richard, (Author)
格式: 图书
语言:English
出版: Abingdon, Oxon ; New York, NY : Routledge, an imprint of the Taylor & Francis Group, 2017.
主题:
标签: 添加标签
没有标签, 成为第一个标记此记录!
LEADER 03681cam a2200493 i 4500
001 13073815
005 20180302102306.0
008 170203s2017 enk b 001 0 eng
010 |a  2017001826 
024 |a 99975316190 
035 |a (OCoLC)ocn978857771 
040 |a DLC  |b eng  |e rda  |c DLC  |d YDX  |d BDX  |d OCLCF  |d YUS  |d OBE 
019 |a 978974946 
020 |a 9781138738461  |q (hardback) 
020 |a 1138738468  |q (hardback) 
020 |a 9781138738478  |q (paperback) 
020 |a 1138738476  |q (paperback) 
020 |z 9781315184739  |q (electronic book) 
024 8 |a 40027346559 
035 |a (OCoLC)978857771  |z (OCoLC)978974946 
042 |a pcc 
050 0 0 |a GV706.3  |b .B68 2017 
082 0 0 |a 796.01  |2 23 
100 1 |a Bowen, Jack,  |e author. 
245 1 0 |a Sport, ethics and leadership /  |c Jack Bowen, Ronald S. Katz, Jeffrey R. Mitchell, Donald J. Polden and Richard Walden. 
264 1 |a Abingdon, Oxon ;  |a New York, NY :  |b Routledge, an imprint of the Taylor & Francis Group,  |c 2017. 
300 |a ix, 252 pages ;  |c 25 cm 
336 |a text  |b txt  |2 rdacontent 
337 |a unmediated  |b n  |2 rdamedia 
338 |a volume  |b nc  |2 rdacarrier 
504 |a Includes bibliographical references and index. 
505 0 |a Ethics and moral reasoning -- Ethics in the context of sport -- The importance of leadership and leadership development in sport -- The changing ethical landscape of amateurism -- Fan behavior : ethics, responsibilities, and expectations -- The ethical cost of medical issues -- Social, legal, and ethical issues of performance enhancement in sport -- The ethics of race discrimination in sport -- The ethics of gender discrimination in sport -- Violence and hazing in sport -- Gambling and sport -- Ethical aspects of intellectual property rights in sport -- The ethics of technology in sport -- Value, virtue, and meaning in sport. 
520 |a "Everybody involved in sport, from the bleachers to the boardroom, should develop an understanding of ethics. Sport ethics prompt discussion of the central principles and ideals by which we all live our lives, and effective leadership in sport is invariably ethical leadership. This fascinating new introduction to sport ethics outlines key ethical theories in the context of sport as well as the fundamentals of moral reasoning. It explores all the central ethical issues in contemporary sport: from violence, hazing, and gambling to performance enhancement, doping, and discrimination. This book not only investigates the ethical, social, and legal underpinnings of the most important issues in sport today, but also introduces the reader to the foundations of ethical leadership in sport and discusses which leadership strategies are most effective. Each chapter includes original real-world case studies, learning exercises, and questions to encourage students to reflect on the ethical problems presented. Sport, Ethics and Leadership is an essential resource for any course on sport and leisure studies, the ethics and philosophy of sport, or sport and leisure management" --  |c Provided by publisher. 
650 0 |a Sports  |x Moral and ethical aspects. 
650 0 |a Sports administration  |x Moral and ethical aspects. 
650 0 |a Leadership  |x Moral and ethical aspects. 
650 7 |a Leadership  |x Moral and ethical aspects.  |2 fast  |0 (OCoLC)fst00994713 
650 7 |a Sports administration  |x Moral and ethical aspects.  |2 fast  |0 (OCoLC)fst01130557 
650 7 |a Sports  |x Moral and ethical aspects.  |2 fast  |0 (OCoLC)fst01130481 
700 1 |a Katz, Ronald S.,  |d 1946-  |e author. 
700 1 |a Mitchell, Jeffrey R.,  |e author. 
700 1 |a Polden, Donald J.,  |e author. 
700 1 |a Walden, Richard,  |e author. 
852 |b glx